| 000 | 00606nam a2200205Ia 4500 | ||
|---|---|---|---|
| 003 | GCL | ||
| 008 | 140319s9999 xx 000 0 ara d | ||
| 040 |
_aGCL / _cGCL |
||
| 082 | 0 | 4 |
_aط _b792.0226 _bع ا |
| 100 | 1 | _aعفيف دمشقية | |
| 245 | 1 | 0 |
_aامسيات علمية / _cعفيف دمشقية |
| 300 | _a57 ص | ||
| 490 |
_aالعرب والعلوم _v0 |
||
| 650 | 0 | 4 | _aالمسرح |
| 650 | 0 | 4 | _aالعلماء العرب |
| 650 | 0 | 4 | _aاطفال |
| 650 | 0 | 4 | _aجابر بن حيان |
| 650 | 0 | 4 | _aالجاحظ ،ابى عثمان عمرو بن بحر بن محبوب |
| 942 |
_2ddc _cBK |
||
| 999 |
_c38599 _d38599 |
||